| 000 | 00771nam a22001937a 4500 | ||
|---|---|---|---|
| 999 |
_c7926 _d7926 |
||
| 003 | AR-CdUCM | ||
| 008 | 190321b ||||| |||| 00| 0 esp d | ||
| 040 |
_aMUNICIPALIDAD PROVINCIAL DEL CUSCO _cBIBLIOTECA MUNICIPAL DEL CUSCO |
||
| 082 |
_a153.83 / _bZ97 |
||
| 100 |
_aZuzunaga Flórez, Carlos, _91773 |
||
| 245 |
_aTeoría de las decisiones _cCarlos Zuzunaga |
||
| 260 |
_aLima : _bCampodónico Ediciones, _c1973. |
||
| 300 |
_a188 páginas ; _c19 cm. |
||
| 505 | _aLa acción y decisión -- Lógica y ética de las decisiones -- Homogeneización artificial -- El tiempo externo, el psicológico y el vital -- Horizonte económico ... | ||
| 650 |
_aToma de decisiones. _912020 |
||
| 650 |
_aInvestigación operacional. _920558 |
||
| 942 |
_2ddc _cLIBROS |
||
| 945 | _aacrt | ||